Представление документа в формате MARC21

Поле Инд. ПП Название Значение
Тип записи a
Библиографический уровень b
001 Контрольный номер 26bb492731ba417c9165493b3193c51e
005 Дата корректировки 20210908160151.1
024 80 a Стандартный номер 10.3390/ijms20215431
040 a Служба первич. каталог. РИНЦ
041 0_ a Код языка текста Английский
097 a Ануфриева Г.Ю.
100 1_ a Автор Cataldi S.
100 1_ a Автор Ceccarini M. R.
100 1_ a Автор Nakashidze I.
100 1_ q Полное имя Белов Олег Валерьевич
a Автор Belov O.
c Титул (звания) кандидат биологических наук; доцент (должность)
i 000091015
k Кафедра системного анализа и управления; Институт системного анализа и управления
100 1_ a Автор Krasavin E.
c Титул (звания) профессор (ученое звание); доктор биологических наук; заведующий кафедрой
g Прочие сведения РИНЦ AuthorID: 97173 (https://elibrary.ru/author_profile.asp?id=97173), Scopus Author ID: 7004252367 (https://www.scopus.com/authid/detail.uri?authorId=7004252367)
i 000091013
k Кафедра биофизики; Факультет естественных и инженерных наук
q Полное имя Красавин Евгений Александрович
u Дополнение Красавин Е. А.
245 10 a Заглавие Neutral Sphingomyelinase Modulation in the Protective/Preventive Role of rMnSOD from Radiation-Induced Damage in the Brain
773 18 t Название источника International Journal of Molecular Sciences
b Сведения об издании Molecular Diversity Preservation International
c Швейцария
d Место и дата издания 2019
m Специф. данные входит в Scopus;входит в WoS;Входит в ядро РИНЦ;зарубежный журнал;ненулевой импакт-фактор
o Прочие индексы wos 4.32; scopus 3.90
x ISSN 1422-0067
g Прочая информация V. 20. - № 21. - P. 5431
q Q1
w Контрольный № источника f9683303115e448090ddd2dde91d1ee6
856 40 u URL https://elibrary.ru/item.asp?id=41690092
901 t Тип документа b
952 c Вид литературы статья в журнале